[Event "Master Open"]
[Site "Voronezh"]
[Date "2018.06.18"]
[Round "6.42"]
[White "Davydov, Sergey P."]
[Black "Peskov, Alexsey"]
[Result "0-1"]
[WhiteElo "2213"]
[BlackElo "2391"]
[Annotator ""]
[Source ""]
[Remark ""]

1.d4 Nf6 2.Nf3 e6 3.c4 b6 4.a3 Bb7 5.Nc3 d5 6.Bg5 Be7 7.e3 O-O
8.Rc1 Ne4 9.Bxe7 Qxe7 10.cxd5 exd5 11.Bd3 Nd7 12.O-O c5 13.Qe2
Nxc3 14.Rxc3 c4 15.Bb1 b5 16.Re1 Rfe8 17.Rcc1 Qd6 18.Qc2 g6 19.Ng5
Nb6 20.Qd2 a5 21.f3 f6 22.Nh3 b4 23.axb4 axb4 24.e4 Na4 25.Nf2
c3 26.bxc3 Nxc3 27.exd5 Bxd5 28.Ne4 Bxe4 29.fxe4 Rad8 30.d5 Qc5+
31.Kh1 Kf7 32.h3 Re5 33.Bc2 Rde8 34.Rf1 Qd6 35.Rfe1 Qc5 36.Rf1
Qb6 37.Rfe1 R5e7 38.g4 Re5 39.Kg2 h5 40.Kg3 Rh8 41.Rh1 Rc8 42.Rhe1
Qc5 43.Ra1 Nxd5 44.exd5 Qc3+ 45.Qd3 Rxd5 0-1

[Event "Master Open"]
[Site "Voronezh"]
[Date "2018.06.18"]
[Round "6.43"]
[White "Odegov, Artem"]
[Black "Lazarov, Alexander"]
[Result "1-0"]
[WhiteElo "2219"]
[BlackElo "2389"]
[Annotator ""]
[Source ""]
[Remark ""]

1.d4 Nf6 2.c4 c5 3.d5 b5 4.Nf3 e6 5.Bg5 h6 6.Bxf6 Qxf6 7.Nc3
a6 8.e4 d6 9.cxb5 e5 10.bxa6 Qd8 11.Bb5+ Nd7 12.O-O Be7 13.Qe2
O-O 14.Rfb1 Nb8 15.b4 cxb4 16.Rxb4 Qc7 17.Qc4 Qa7 18.Rab1 Bg4
19.Bc6 Nxc6 20.dxc6 Bxf3 21.gxf3 Bh4 22.R1b2 Qe7 23.Nd5 Qg5+
24.Kf1 Qh5 25.Ke2 Qg5 26.Qd3 Qg1 27.Qe3 Rxa6 28.c7 Rc6 29.Rb8
Rc1 30.Rxf8+ Kh7 31.Qxc1 Qxc1 32.c8Q 1-0

[Event "Master Open"]
[Site "Voronezh"]
[Date "2018.06.18"]
[Round "6.44"]
[White "Sergienko, Sergey"]
[Black "Shemyakin, Valeriy"]
[Result "1-0"]
[WhiteElo "2315"]
[BlackElo "2229"]
[Annotator ""]
[Source ""]
[Remark ""]

1.Nf3 g6 2.d4 Bg7 3.e4 d6 4.Bd3 Nc6 5.c3 e5 6.h3 Nge7 7.dxe5
Nxe5 8.Nxe5 dxe5 9.O-O c6 10.Be3 Be6 11.Qe2 O-O 12.Nd2 Qc7 13.Bc4
Bxc4 14.Nxc4 Nc8 15.Rfd1 Nb6 16.Bc5 Rfe8 17.Bd6 Qc8 18.Na5 Nd7
19.b4 Bf8 20.Nc4 Re6 21.Bxf8 Kxf8 22.Rd3 Nb6 23.Nd6 Qc7 24.Rad1
Rd8 25.Nb5 cxb5 26.Rxd8+ Kg7 27.Qxb5 Qxc3 28.Qc5 Qxc5 29.bxc5
Na4 30.Rc8 Nc3 31.Rd7 Nxe4 32.Rxb7 Ra6 33.Rcc7 Rxa2 34.Rxf7+
Kh6 35.h4 1-0

[Event "Master Open"]
[Site "Voronezh"]
[Date "2018.06.18"]
[Round "6.45"]
[White "Murtazin, Ruslan"]
[Black "Tsvetkov, Andrey"]
[Result "1/2-1/2"]
[WhiteElo "2308"]
[BlackElo "2220"]
[Annotator ""]
[Source ""]
[Remark ""]

1.e4 c5 2.Nf3 d6 3.d4 cxd4 4.Nxd4 Nf6 5.Nc3 a6 6.Bc4 e6 7.O-O
b5 8.Bb3 Be7 9.Qf3 Qc7 10.Qg3 O-O 11.Bh6 Ne8 12.Rad1 Bd7 13.f4
Nc6 14.Nxc6 Bxc6 15.f5 Kh8 16.f6 gxh6 17.fxe7 Qxe7 18.Qf2 Ng7
19.Qb6 Rfc8 20.Rf3 Qa7 21.Qxa7 Rxa7 22.Rxd6 b4 23.Ne2 Bxe4 24.Rf4
Nf5 25.Rd2 Bc6 26.Rxb4 a5 27.Rf4 a4 28.Bc4 Bxg2 29.Bxe6 fxe6
30.Kxg2 Rxc2 31.Rxc2 Ne3+ 32.Kf2 Nxc2 33.Rc4 Rf7+ 34.Kg3 Ne3
35.Rxa4 Nf1+ 36.Kg2 Ne3+ 37.Kh3 Rf2 38.Nd4 Rxb2 39.Nxe6 Kg8 40.Rf4
Rb8 41.Rf3 Nd5 42.Kg4 Ne7 43.Kf4 Rb2 44.a3 Ra2 45.Nd4 Rxh2 46.Ke5
Ng6+ 47.Kf6 Kf8 48.Rb3 Ke8 49.Rb7 Rd2 50.Nf5 Rf2 51.Rb3 Kd7 1/2-1/2

[Event "Master Open"]
[Site "Voronezh"]
[Date "2018.06.18"]
[Round "6.46"]
[White "Egorov, Pavel"]
[Black "Ibadov, Dashgyn"]
[Result "0-1"]
[WhiteElo "2282"]
[BlackElo "2214"]
[Annotator ""]
[Source ""]
[Remark ""]

1.d4 Nf6 2.c4 e6 3.Nc3 c5 4.d5 exd5 5.cxd5 d6 6.e4 g6 7.h3 Bg7
8.Nf3 O-O 9.Bd3 a6 10.a4 Nbd7 11.O-O Nh5 12.Bg5 Bf6 13.Bh6 Re8
14.g4 Bg7 15.Bg5 Bf6 16.Be3 Ng7 17.Qd2 h5 18.g5 Ne5 19.Nxe5 Bxe5
20.f4 Bxc3 21.bxc3 Bxh3 22.Rf3 Qd7 23.Kh2 Bg4 24.Rff1 b5 25.Qf2
Rab8 26.axb5 axb5 27.Rae1 Bh3 28.Rg1 Ra8 29.f5 gxf5 30.g6 f6
31.Bh6 fxe4 32.Qxf6 exd3 33.Qf7+ Qxf7 34.gxf7+ Kxf7 35.Rxg7+
Kf6 36.Rgg1 Bg4 0-1

[Event "Master Open"]
[Site "Voronezh"]
[Date "2018.06.18"]
[Round "6.47"]
[White "Grachev, Alexey"]
[Black "Maltsevskaya, Aleksandra"]
[Result "1-0"]
[WhiteElo "2203"]
[BlackElo "2279"]
[Annotator ""]
[Source ""]
[Remark ""]

1.e4 c6 2.d4 d5 3.exd5 cxd5 4.Bd3 Nc6 5.c3 Qc7 6.Ne2 Bg4 7.O-O
e6 8.Qe1 Nf6 9.Bg5 Be7 10.f3 Bh5 11.Qh4 Bg6 12.Bxg6 fxg6 13.Nf4
Kf7 14.Qh3 Qc8 15.Re1 Bd6 16.Nxe6 Re8 17.Bxf6 Rxe6 18.Rxe6 Qxe6
19.Qxe6+ Kxe6 20.Bxg7 Rg8 21.Be5 Bxe5 22.dxe5 d4 23.cxd4 Nxd4
24.Nc3 Kxe5 25.Re1+ Kf5 26.Re7 Nc6 27.Rxb7 Rd8 28.Rc7 Ne5 29.Rxa7
Rd2 30.Rb7 Rc2 31.Rb5 Ke6 32.Rb6+ Kd7 33.Ne4 Nc4 34.Rb3 Rc1+
35.Kf2 Rc2+ 36.Kf1 Rc1+ 37.Ke2 Rg1 38.Kf2 Rb1 39.Nd2 Rxb2 40.Rxb2
Nxb2 41.Ke3 Kc6 42.Kd4 Kb5 43.Ke5 Nd3+ 44.Kf6 Ne1 45.g4 Kb4 46.f4
Kc3 47.a4 Nd3 48.f5 Kxd2 49.fxg6 hxg6 50.Kxg6 Ke3 51.Kf5 Nc5
52.g5 Nxa4 53.g6 Nc3 54.Ke5 1-0

[Event "Master Open"]
[Site "Voronezh"]
[Date "2018.06.18"]
[Round "6.48"]
[White "Solozhenkina, Elizaveta"]
[Black "Lysenko, Margarita"]
[Result "1-0"]
[WhiteElo "2258"]
[BlackElo "2203"]
[Annotator ""]
[Source ""]
[Remark ""]

1.e4 c5 2.Nf3 d6 3.d4 cxd4 4.Nxd4 Nf6 5.Nc3 a6 6.Be2 e5 7.Nf3
h6 8.Nd2 b5 9.a4 b4 10.Nd5 Nxd5 11.exd5 a5 12.Bb5+ Bd7 13.Nc4
Qh4 14.Qe2 Qd4 15.O-O Qxd5 16.Nb6 Qb7 17.Nxa8 Qxa8 18.f4 e4 19.Qc4
Qb7 20.Qd4 h5 21.f5 h4 22.h3 Rh5 23.Be3 Be7 24.Qxg7 d5 25.Qg8+ 1-0

[Event "Master Open"]
[Site "Voronezh"]
[Date "2018.06.18"]
[Round "6.49"]
[White "Parfenov, Viktor N."]
[Black "Kyshtymov, Daniil"]
[Result "0-1"]
[WhiteElo "2247"]
[BlackElo "2032"]
[Annotator ""]
[Source ""]
[Remark ""]

1.d4 Nf6 2.Nf3 g6 3.Bg5 Bg7 4.Nbd2 O-O 5.c3 d6 6.e4 h6 7.Bh4
g5 8.Bg3 Nh5 9.Nc4 e5 10.dxe5 Nxg3 11.hxg3 dxe5 12.Qxd8 Rxd8
13.Ne3 Be6 14.Bc4 Bxc4 15.Nxc4 Nd7 16.b4 b5 17.Na5 Nf6 18.Nd2
Rd3 19.Rc1 Rad8 20.Nab3 c5 21.c4 bxc4 22.Rxc4 cxb4 23.Rxb4 Bf8
24.Rc4 a5 25.Ke2 Bb4 26.Nf3 Rc3 27.Rc1 Rxc1 28.Nxc1 Ne8 29.Rc6
Nd6 30.Nxe5 Nxe4 31.Ned3 Nc3+ 32.Ke3 Re8+ 33.Kd4 0-1

[Event "Master Open"]
[Site "Voronezh"]
[Date "2018.06.18"]
[Round "6.50"]
[White "Kochukova, Anna"]
[Black "Dmitriev, Igor"]
[Result "0-1"]
[WhiteElo "2170"]
[BlackElo "2236"]
[Annotator ""]
[Source ""]
[Remark ""]

1.e4 c6 2.d4 d5 3.Nc3 a6 4.Nf3 Bg4 5.Be2 e6 6.a3 Nf6 7.e5 Nfd7
8.Nd2 Bxe2 9.Nxe2 c5 10.c3 cxd4 11.cxd4 Nc6 12.O-O Be7 13.f4
Qb6 14.Nf3 O-O 15.Kh1 f5 16.Nc3 Rac8 17.Na4 Qb5 18.b4 Nb6 19.Nc5
Bxc5 20.dxc5 Na4 21.Bd2 h6 22.Rb1 Rcd8 23.Qb3 Rfe8 24.Kg1 b6
25.cxb6 Nxb6 26.Be3 d4 27.Bf2 Na4 28.Bh4 Rd5 29.Nd2 Nc3 30.Rbe1
a5 31.bxa5 Qxb3 32.Nxb3 Rb8 33.Nd2 Rxa5 34.Nb1 Rxb1 35.Rxb1 Nxb1
36.Rxb1 Rxa3 37.Rd1 Rc3 38.Kf2 Rc2+ 39.Kf1 Rc4 40.Bf2 g5 41.g3
Kf7 42.Ke2 Kg6 43.Kf3 Rc3+ 44.Ke2 Kh5 45.fxg5 Rc2+ 46.Kf1 hxg5
47.h3 Rc5 48.Rd2 Rd5 49.Ke2 Rxe5+ 50.Kd3 Rc5 0-1

[Event "Master Open"]
[Site "Voronezh"]
[Date "2018.06.18"]
[Round "6.51"]
[White "Sukhareva, Evgeniya"]
[Black "Volkov, Roman"]
[Result "0-1"]
[WhiteElo "2234"]
[BlackElo "2116"]
[Annotator ""]
[Source ""]
[Remark ""]

1.d4 Nf6 2.c4 g6 3.Nc3 d5 4.cxd5 Nxd5 5.e4 Nxc3 6.bxc3 Bg7 7.Nf3
c5 8.Be3 Qa5 9.Nd2 Nd7 10.Qb3 O-O 11.Nc4 Qc7 12.Be2 cxd4 13.cxd4
Nc5 14.Qb1 Ne6 15.e5 Rd8 16.Qb2 b5 17.Nd2 Nxd4 18.Bxd4 Rxd4 19.Qxd4
Bxe5 20.Qe4 Bb7 21.Qb1 Bxa1 22.O-O Be5 23.Nf3 Bxf3 24.Bxf3 Bxh2+
25.Kh1 Rd8 26.g3 Bxg3 27.fxg3 Qxg3 28.Qe4 e5 29.Bg2 Rd4 30.Qa8+
Kg7 31.Kg1 Qe3+ 32.Rf2 Rf4 33.Bf3 e4 34.Qe8 Rxf3 35.Qe5+ f6 36.Qc7+
Kh6 37.Qh2+ Kg5 0-1

[Event "Master Open"]
[Site "Voronezh"]
[Date "2018.06.18"]
[Round "6.52"]
[White "Sattarov, Bobir"]
[Black "Stukan, Martin"]
[Result "1-0"]
[WhiteElo "2351"]
[BlackElo "2183"]
[Annotator ""]
[Source ""]
[Remark ""]

1.e4 c5 2.Nf3 d6 3.d4 cxd4 4.Nxd4 Nf6 5.Nc3 a6 6.a3 e5 7.Nf5
d5 8.Bg5 d4 9.Bxf6 gxf6 10.Nb1 Bxf5 11.exf5 Nc6 12.Bd3 Qd7 13.Nd2
O-O-O 14.Ne4 Be7 15.O-O h5 16.b4 Kb8 17.Qf3 Qd5 18.Rfb1 Na7 19.a4
Nc8 20.Qe2 Na7 21.Nc5 Bxc5 22.bxc5 Qxc5 23.Be4 b5 24.axb5 axb5
25.Bf3 Rc8 26.Ra6 Kc7 27.Rba1 1-0

[Event "Master Open"]
[Site "Voronezh"]
[Date "2018.06.18"]
[Round "6.53"]
[White "Thrish, Karthik"]
[Black "Konnov, Oleg"]
[Result "1/2-1/2"]
[WhiteElo "2111"]
[BlackElo "2311"]
[Annotator ""]
[Source ""]
[Remark ""]

1.e4 c5 2.Nf3 d6 3.d4 cxd4 4.Nxd4 Nf6 5.Nc3 a6 6.Be3 Ng4 7.Bc1
Nf6 8.Be3 e6 9.g4 b5 10.g5 Nfd7 11.a3 Qc7 12.Qd2 Nc6 13.f4 Bb7
14.O-O-O b4 15.axb4 Nxb4 16.f5 Nc5 17.fxe6 fxe6 18.Bc4 Nxe4 19.Nxe4
Qxc4 20.b3 Qc8 21.Qxb4 Bxe4 22.Rhg1 e5 1/2-1/2

[Event "Master Open"]
[Site "Voronezh"]
[Date "2018.06.18"]
[Round "6.54"]
[White "Gutkovich, Polina"]
[Black "Nazaretyan, Tigran"]
[Result "0-1"]
[WhiteElo "2046"]
[BlackElo "2300"]
[Annotator ""]
[Source ""]
[Remark ""]

1.d4 Nf6 2.c4 e6 3.Nf3 b6 4.g3 Ba6 5.Nbd2 Bb7 6.Bg2 c5 7.O-O
cxd4 8.Nxd4 Qc8 9.Bxb7 Qxb7 10.N2f3 a6 11.b3 Be7 12.Bb2 O-O 13.Rc1
d6 14.b4 Nbd7 15.Qb3 Rfc8 16.a3 h6 17.Rfd1 Rc7 18.Rc2 Rac8 19.Rdc1
Bf8 20.Ba1 Qe4 21.Nd2 Qg4 22.N4f3 Qh5 23.Nf1 e5 24.Ne3 Ng4 25.Nxg4
Qxg4 26.Ne1 Nf6 27.Ng2 h5 28.Ne3 Qe4 29.Qd3 Qb7 30.Nf5 Qc6 31.Ne3
Qa4 32.Bb2 Qe8 33.Nf5 Qe6 34.e4 g6 35.Ne3 Bh6 36.Nd5 Rc6 37.Rd1
b5 38.c5 dxc5 39.Nxf6+ Qxf6 40.Qd5 c4 41.Bxe5 Qe6 42.Bc3 Bg7
43.Bxg7 Kxg7 44.Qd4+ Qf6 45.Rc3 Re8 46.f3 Ree6 47.Qxf6+ Kxf6
48.Rd5 Re5 49.Rd4 Ree6 50.Rd5 Re5 51.Rd4 Ke7 52.Kf2 Ree6 53.Ke3
Rcd6 54.f4 Rxd4 55.Kxd4 Rd6+ 56.Ke3 Rd1 57.Ke2 Rb1 58.h3 Rh1
59.Kf2 Rh2+ 60.Kf3 Ke6 61.h4 Rb2 62.Ke3 Kd6 63.Kd4 Rd2+ 64.Ke3
Ra2 65.Kd4 Ra1 66.Re3 f6 67.f5 Rd1+ 68.Kc3 gxf5 69.exf5 Kd5 70.Re6
Rd3+ 71.Kc2 Rxg3 72.Rxa6 Ke5 73.Rb6 Rxa3 74.Rxb5+ Kd4 75.Rb6
Ra2+ 76.Kb1 Rf2 77.Rxf6 Kc3 78.b5 Kb3 79.Kc1 c3 80.Rd6 Rf1+ 81.Rd1
Rxd1+ 82.Kxd1 Kb2 83.f6 c2+ 0-1

[Event "Master Open"]
[Site "Voronezh"]
[Date "2018.06.18"]
[Round "6.55"]
[White "Selifonova, Aleksandra"]
[Black "Chapurin, Alexey V."]
[Result "1/2-1/2"]
[WhiteElo "1920"]
[BlackElo "2262"]
[Annotator ""]
[Source ""]
[Remark ""]

1.e4 e6 2.d4 d5 3.Nc3 dxe4 4.Nxe4 Bd7 5.Nf3 Bc6 6.Bd3 Bxe4 7.Bxe4
c6 8.c3 Nf6 9.Bc2 Nbd7 10.Bf4 Nh5 11.Be3 Bd6 12.g3 Nhf6 13.Qd3
Qc7 14.a4 a5 15.O-O h6 16.Rfe1 O-O 17.Rad1 Rad8 18.Nd2 Qb8 19.Nc4
Bc7 20.Qe2 b5 21.Na3 Bd6 22.axb5 Bxa3 23.bxa3 cxb5 24.Rb1 Qd6
25.Rxb5 Qxa3 26.c4 Rb8 27.Bc1 Qe7 28.Rxa5 Qd8 29.Ra6 Qc8 30.Ra7
Rb4 31.Ba3 Rxc4 32.Bd3 Rxd4 33.Bxf8 Nxf8 34.Qe3 Qd8 35.Ra8 Qd6
36.Bc2 Rd2 37.Qc3 Ng4 38.Rf1 Ne5 39.Be4 Qd4 40.Qxd4 Rxd4 41.Re1
g6 42.Bg2 Ng4 43.Rc1 Kg7 44.Rcc8 Rd1+ 45.Bf1 Nd7 46.Rg8+ Kf6
47.Rgd8 Nge5 48.Rac8 Ke7 49.Kg2 Nb6 50.Re8+ Kf6 51.Rb8 Nd5 52.Bb5
Rd2 53.Kf1 Rd1+ 1/2-1/2

[Event "Master Open"]
[Site "Voronezh"]
[Date "2018.06.18"]
[Round "6.56"]
[White "Sinitsina, Anastassia"]
[Black "Zhitnikov, Konstantin"]
[Result "1-0"]
[WhiteElo "2009"]
[BlackElo "2255"]
[Annotator ""]
[Source ""]
[Remark ""]

1.e4 c5 2.Nf3 d6 3.d4 cxd4 4.Nxd4 Nf6 5.f3 e5 6.Bb5+ Bd7 7.Bxd7+
Qxd7 8.Nf5 g6 9.Ne3 Nc6 10.Nc3 Nd4 11.Ncd5 Bg7 12.c3 Ne6 13.O-O
O-O 14.Nxf6+ Bxf6 15.Nd5 Bg7 16.Be3 Kh8 17.Qd3 f5 18.b3 Nc5 19.Bxc5
dxc5 20.c4 Rad8 21.Rad1 Qd6 22.Qe2 Qe6 23.Nc3 Rd4 24.Nb5 a6 25.Nxd4
exd4 26.e5 Qxe5 27.Qxe5 Bxe5 28.g3 Kg7 29.Rfe1 Kf6 30.Kf2 Bc7
31.f4 h6 32.h4 b5 33.Re2 g5 34.fxg5+ hxg5 35.Rde1 f4 36.Re6+
Kf5 37.g4+ Kxg4 38.Rg1+ Kf5 39.Re7 Bd6 40.Rxg5+ Kf6 41.Ra7 1-0

[Event "Master Open"]
[Site "Voronezh"]
[Date "2018.06.18"]
[Round "6.57"]
[White "Mendonca, Leon Luke"]
[Black "Shoboev, Dandar"]
[Result "0-1"]
[WhiteElo "2228"]
[BlackElo "2091"]
[Annotator ""]
[Source ""]
[Remark ""]

1.d4 Nf6 2.Bg5 d5 3.Bxf6 exf6 4.e3 c6 5.Nd2 Bd6 6.g3 O-O 7.Bg2
f5 8.Ne2 Nd7 9.O-O Nf6 10.c4 dxc4 11.Nxc4 Bc7 12.Rc1 Be6 13.Nd2
Qe7 14.Nc3 Rfe8 15.a3 h5 16.Nf3 Rad8 17.Na4 Bd5 18.Re1 g6 19.Nd2
Bxg2 20.Kxg2 h4 21.b4 hxg3 22.hxg3 Kg7 23.Nc5 Bb8 24.Qc2 Qc7
25.Nf3 Nd5 26.Qd2 a6 27.a4 Qc8 28.Nd3 Rh8 29.Nf4 Bxf4 30.gxf4
Qe6 31.Qb2 Qe4 32.Rh1 g5 33.Qb1 gxf4 34.Qxe4 fxe4 35.Ng5 fxe3
36.Nxe4 exf2 37.Kxf2 Rxh1 38.Rxh1 Nxb4 39.Nc5 b6 40.Nb3 a5 41.Ke3
Rd6 42.Rh4 Rg6 43.Rh3 Nd5+ 44.Ke4 Kf6 45.Rf3+ Ke6 46.Nd2 Rg1
47.Nc4 f5+ 48.Kd3 Rd1+ 49.Nd2 Ra1 50.Kc2 Ra2+ 51.Kd1 Rxa4 52.Nb3
Rc4 0-1

[Event "Master Open"]
[Site "Voronezh"]
[Date "2018.06.18"]
[Round "6.58"]
[White "Medzinovskiy, Petr"]
[Black "Lystsov, Leonid"]
[Result "0-1"]
[WhiteElo "2213"]
[BlackElo "2086"]
[Annotator ""]
[Source ""]
[Remark ""]

1.e4 c5 2.Nf3 g6 3.d4 cxd4 4.Nxd4 Bg7 5.Nc3 Nc6 6.Be3 Nf6 7.Nxc6
bxc6 8.e5 Ng8 9.Bd4 Qa5 10.f4 Nh6 11.e6 Bxd4 12.exd7+ Bxd7 13.Qxd4
O-O-O 14.Qc4 Nf5 15.O-O-O Ne3 16.Qa6+ Qxa6 17.Bxa6+ Kc7 18.Rd2
Bf5 19.Re2 Nxc2 20.Rxc2 Bxc2 21.Kxc2 Rd4 22.Re1 Rxf4 23.Rxe7+
Kd6 24.Re4 Rf2+ 25.Re2 Rxe2+ 26.Bxe2 f5 27.b4 Re8 28.a4 g5 29.a5
h5 30.Kd3 g4 31.Kd4 h4 32.a6 Kc7 33.Bd3 f4 34.b5 Re1 35.Be4 cxb5
36.Nd5+ Kd6 37.Nxf4 Ra1 38.Bb7 Ra4+ 39.Ke3 b4 40.Nd3 b3 41.Kd2
Rc4 42.Kd1 h3 43.gxh3 gxh3 44.Nf2 Ke5 45.Bf3 Kd4 46.Ne4 Ke3 47.Nd2
Rd4 0-1

[Event "Master Open"]
[Site "Voronezh"]
[Date "2018.06.18"]
[Round "6.59"]
[White "Khokhlova, Daria"]
[Black "Gasparian, Haik"]
[Result "1-0"]
[WhiteElo "2198"]
[BlackElo "2069"]
[Annotator ""]
[Source ""]
[Remark ""]

1.d4 Nf6 2.c4 e5 3.dxe5 Ng4 4.Nf3 Nc6 5.Bf4 Bb4+ 6.Nbd2 Qe7 7.e3
Ngxe5 8.Nxe5 Nxe5 9.a3 Bxd2+ 10.Qxd2 O-O 11.Be2 Re8 12.O-O d6
13.Bg3 Bf5 14.f3 Rad8 15.e4 Be6 16.Qc3 Nd7 17.Bd3 Nc5 18.Bc2
Qd7 19.Rad1 Qc6 20.b3 f6 21.Rfe1 Nd7 22.Bf2 b5 23.Bxa7 Ra8 24.Bd4
Rxa3 25.Qb4 Rea8 26.e5 bxc4 27.exd6 cxb3 28.Be4 Qa4 29.Qxa4 R8xa4
30.dxc7 1-0

[Event "Master Open"]
[Site "Voronezh"]
[Date "2018.06.18"]
[Round "6.60"]
[White "Lingur, Zalina"]
[Black "Kostin, Alexey"]
[Result "0-1"]
[WhiteElo "2101"]
[BlackElo "2282"]
[Annotator ""]
[Source ""]
[Remark ""]

1.e4 c5 2.Nf3 e6 3.d4 cxd4 4.Nxd4 a6 5.c4 Nf6 6.Nc3 Qc7 7.a3
d6 8.Be2 b6 9.Be3 Bb7 10.f3 Be7 11.O-O O-O 12.Rc1 Nbd7 13.Qe1
Rac8 14.Qf2 Qb8 15.g4 Ne5 16.b3 Nfd7 17.f4 Nc6 18.Nxc6 Bxc6 19.b4
b5 20.g5 Qb7 21.Qg2 Nb6 22.cxb5 axb5 23.f5 Na4 24.Bd3 Nxc3 25.Rxc3
exf5 26.Rxf5 g6 27.Rf6 Bxf6 28.gxf6 Qd7 29.Bd4 Bb7 30.Qg5 Kh8
31.Bxb5 Qe6 32.Qh6 Rg8 0-1

[Event "Master Open"]
[Site "Voronezh"]
[Date "2018.06.18"]
[Round "6.61"]
[White "Geshko, Aleksey"]
[Black "Tatarintsev, Egor"]
[Result "1/2-1/2"]
[WhiteElo "2213"]
[BlackElo "2125"]
[Annotator ""]
[Source ""]
[Remark ""]

1.e4 c5 2.Nf3 e6 3.d4 cxd4 4.Nxd4 Nf6 5.Nc3 Nc6 6.Nxc6 bxc6 7.e5
Nd5 8.Ne4 Qc7 9.f4 Qb6 10.c4 Bb4+ 11.Ke2 f5 12.exf6 Nxf6 13.Be3
Qd8 14.Nd6+ Bxd6 15.Qxd6 Kf7 16.g3 Qe7 17.Bc5 Qxd6 18.Bxd6 Ne8
19.Be5 d6 20.Bc3 Ba6 21.Kf2 Nf6 22.Re1 c5 23.Bg2 Rab8 24.b3 Bb7
25.Bxf6 gxf6 26.f5 e5 27.Rd1 Ke7 28.Bxb7 Rxb7 29.Rhe1 Rg8 30.Kf3
a5 31.Rd3 Rb6 32.Re4 Rg5 33.g4 h5 34.h3 h4 35.Re1 Rg8 36.Ke4
Rgb8 37.Kd5 Rb4 38.Rg1 R4b6 39.Rf3 Kf7 40.Rff1 Ke7 41.Rf2 Kf7
42.Rb2 Rg8 1/2-1/2

[Event "Master Open"]
[Site "Voronezh"]
[Date "2018.06.18"]
[Round "6.62"]
[White "Bedenko, Nikita"]
[Black "Shaydullina, Sandugach"]
[Result "1-0"]
[WhiteElo "1967"]
[BlackElo "2198"]
[Annotator ""]
[Source ""]
[Remark ""]

1.e4 c5 2.Nf3 d6 3.d4 cxd4 4.Nxd4 Nf6 5.f3 e5 6.Nb3 Be6 7.c4
a5 8.Be3 a4 9.N3d2 Qa5 10.Be2 Be7 11.O-O O-O 12.Na3 Na6 13.Nb5
Nd7 14.Nb1 Ndc5 15.N1c3 Kh8 16.Nd5 Bxd5 17.Qxd5 Nc7 18.Qd2 Nxb5
19.Qxa5 Rxa5 20.cxb5 f5 21.Bxc5 dxc5 22.exf5 Bg5 23.Kf2 Rd8 24.Rfd1
Raa8 25.Rxd8+ Rxd8 26.Rd1 Bd2 27.Bd3 Ba5 28.Bc2 Rd4 29.Rxd4 exd4
30.Bxa4 c4 31.f4 Bd2 32.Kf3 Bc1 33.b3 c3 34.Ke4 Bxf4 35.b4 Be5
36.Bb3 g6 37.fxg6 hxg6 38.Bc2 Bf6 39.Kd5 Kg7 40.a4 g5 41.a5 Bd8
42.Ke6 Bc7 43.Kd7 Bxh2 44.Kc8 Kf6 45.Kxb7 Bg1 1-0

[Event "Master Open"]
[Site "Voronezh"]
[Date "2018.06.18"]
[Round "6.63"]
[White "Afanasieva, Alexandra"]
[Black "Klimentov, Roman"]
[Result "0-1"]
[WhiteElo "2069"]
[BlackElo "2180"]
[Annotator ""]
[Source ""]
[Remark ""]

1.e4 c5 2.Nf3 e6 3.d4 cxd4 4.Nxd4 Nf6 5.Bd3 Nc6 6.Nxc6 bxc6 7.c4
d6 8.O-O Be7 9.Nc3 O-O 10.Be3 Bb7 11.Qc2 Ng4 12.Bf4 e5 13.Bd2
Rc8 14.Rad1 Qc7 15.h3 Nf6 16.Be3 Rfe8 17.a3 a5 18.f4 Red8 19.Qf2
Rf8 20.Be2 Ba6 21.Qg3 Kh8 22.Rd2 Rb8 23.Kh1 Rb3 24.fxe5 dxe5
25.Rf5 Bxa3 26.bxa3 Rxc3 27.Qf2 Nxe4 28.Qe1 Rxe3 29.Kh2 Nxd2
30.Qxd2 Rxa3 31.Rh5 e4+ 32.g3 Qxg3+ 33.Kh1 Ra1+ 0-1

[Event "Master Open"]
[Site "Voronezh"]
[Date "2018.06.18"]
[Round "6.65"]
[White "Yakimenko, Alexander A."]
[Black "Pokhvalit, Alexander"]
[Result "0-1"]
[WhiteElo "2094"]
[BlackElo "2087"]
[Annotator ""]
[Source ""]
[Remark ""]

1.e4 c5 2.Nf3 d6 3.Bb5+ Nd7 4.a4 a6 5.Bc4 Ngf6 6.Nc3 g6 7.Qe2
Ne5 8.Nxe5 dxe5 9.d3 Bg7 10.a5 Bg4 11.f3 Bd7 12.Be3 Rc8 13.Qf2
Qc7 14.O-O e6 15.Qh4 Nh5 16.g3 O-O 17.Kh1 Kh8 18.Bd2 Qd6 19.Rae1
Bc6 20.Ne2 Rc7 21.Bc3 f5 22.Kg1 Bf6 23.Qh3 Bg5 24.Nc1 Bf6 25.f4
Re7 26.g4 fxg4 27.fxe5 Qxe5 28.Rxf6 Nxf6 29.Qh6 Qb8 30.Nb3 e5
31.Nxc5 Ng8 32.Qg5 Qd6 33.b4 Qf6 34.Qxg4 Qf2+ 35.Kh1 Qxc2 36.Ba1
Qf2 37.Qg3 Qxg3 38.hxg3 Rf6 39.d4 h5 40.dxe5 Rf2 41.Kg1 Rd2 42.Rf1
Kh7 43.e6 Nh6 44.Bf6 Re8 45.Bg5 Rd4 46.Bb3 Rxb4 47.Bd5 Bb5 48.Rf2
Rc8 49.Nd7 Ng4 50.Nf6+ Nxf6 51.Bxf6 Rc1+ 52.Kg2 Rbb1 53.Bd4 Rg1+
54.Kf3 Rbf1 55.e7 Be8 56.Bxb7 g5 57.Rxf1 Rxf1+ 58.Ke3 h4 59.gxh4
gxh4 60.Bxa6 Rf7 61.Bc8 Rxe7 62.Bf6 Ra7 63.a6 h3 64.Kf3 Bc6 65.Kg3
Bxe4 66.Kxh3 Kg6 67.Bd8 Ra8 0-1

[Event "Master Open"]
[Site "Voronezh"]
[Date "2018.06.18"]
[Round "6.1"]
[White "Maghsoodloo, Parham"]
[Black "Potapov, Pavel"]
[Result "1-0"]
[WhiteElo "2638"]
[BlackElo "2491"]
[Annotator ""]
[Source ""]
[Remark ""]

1.Nf3 g6 2.e4 Bg7 3.d4 d6 4.Bc4 c6 5.Bb3 Nf6 6.Qe2 e5 7.dxe5
dxe5 8.O-O Qc7 9.Bd2 O-O 10.a4 Na6 11.Bc3 Nh5 12.Qe3 b5 13.axb5
cxb5 14.Ba5 Qd7 15.Nc3 Nf4 16.Rfd1 Qg4 17.Ne1 Be6 18.h3 Qh5 19.Rd6
Bh6 20.Bxe6 Nxe6 21.g4 Qh4 22.Ng2 Bxe3 23.Nxh4 Bb6 24.Nf3 Nac5
25.Bxb6 axb6 26.Rxa8 Rxa8 27.b4 Ra3 28.bxc5 Nxc5 29.Nxb5 Rxf3
30.Kg2 Rf4 31.f3 f5 32.exf5 gxf5 33.gxf5 Rxf5 34.Rxb6 e4 35.Nd4
exf3+ 36.Nxf3 Rf4 37.Rc6 Nd7 38.Ng5 Ra4 39.Rc8+ Kg7 40.Rc7 Kg6
41.Nxh7 Ne5 42.Nf8+ Kf5 43.Rc5 Ke4 44.Ne6 Ra6 45.Ng5+ Kf4 46.h4
Ra2 47.Ne6+ Kg4 48.Nd4 Nf7 49.Nf3 Nd6 50.Rc6 Ne4 51.Rc4 Kf5 52.Nd4+
Ke5 53.Nb3 Ra8 54.Kf3 Rf8+ 55.Ke3 Ng3 56.Nd2 Nf5+ 57.Kd3 Ng3
58.c3 Rd8+ 59.Kc2 Rf8 60.Rg4 Nf5 61.Nf3+ Kd5 62.Kd3 Nd6 63.Rg5+
Ke6 64.Nd4+ Kf6 65.Rd5 Nf7 66.Rf5+ Ke7 67.c4 Rh8 68.h5 Nd6 69.Re5+
Kd7 70.Rd5 Ke7 71.Nf5+ Nxf5 72.Rxf5 Ke6 73.Rb5 Rg8 74.h6 Rg3+
75.Kd4 Rh3 76.Rb6+ Kd7 77.Rg6 1-0

[Event "Master Open"]
[Site "Voronezh"]
[Date "2018.06.18"]
[Round "6.2"]
[White "Popov, Ivan"]
[Black "Gabrielian, Artur"]
[Result "1/2-1/2"]
[WhiteElo "2608"]
[BlackElo "2506"]
[Annotator ""]
[Source ""]
[Remark ""]

1.e4 g6 2.d4 Bg7 3.Nc3 d6 4.Be3 c6 5.Qd2 b5 6.Bd3 Nf6 7.Bh6 O-O
8.h4 e5 9.Nce2 c5 10.Bxg7 Kxg7 11.c3 cxd4 12.cxd4 d5 13.h5 dxe4
14.Bxb5 Nxh5 15.O-O-O Bf5 16.Qe3 Qb6 17.Ng3 Rc8+ 18.Kb1 Nxg3
19.Qh6+ Kf6 20.dxe5+ Kxe5 21.fxg3 Qxb5 22.Ne2 Qxe2 23.Qf4+ Kf6
24.Rd6+ Ke7 25.Qe5+ Kf8 26.Qh8+ Ke7 27.Qf6+ Kf8 28.Qh8+ Ke7 29.Qf6+
Kf8 1/2-1/2

[Event "Master Open"]
[Site "Voronezh"]
[Date "2018.06.18"]
[Round "6.3"]
[White "Matinian, Nikita"]
[Black "Kokarev, Dmitry"]
[Result "0-1"]
[WhiteElo "2496"]
[BlackElo "2603"]
[Annotator ""]
[Source ""]
[Remark ""]

1.e4 c5 2.Nf3 d6 3.d4 cxd4 4.Nxd4 Nf6 5.Nc3 a6 6.h3 b5 7.a4 b4
8.Nd5 e6 9.Nxf6+ Qxf6 10.g4 Bb7 11.Bg2 Nd7 12.O-O Qd8 13.Bd2
Qb6 14.c3 bxc3 15.Bxc3 Be7 16.a5 Qd8 17.Qe2 O-O 18.Rfd1 Rc8 19.f4
Re8 20.Rac1 Rc7 21.g5 Qa8 22.h4 Nc5 23.Re1 Qa7 24.Kh2 Na4 25.f5
Nxc3 26.bxc3 Qc5 27.fxe6 fxe6 28.e5 0-1

[Event "Master Open"]
[Site "Voronezh"]
[Date "2018.06.18"]
[Round "6.4"]
[White "Dzhumaev, Marat"]
[Black "Pridorozhni, Aleksei"]
[Result "1/2-1/2"]
[WhiteElo "2434"]
[BlackElo "2589"]
[Annotator ""]
[Source ""]
[Remark ""]

1.e4 c5 2.Nf3 e6 3.d4 cxd4 4.Nxd4 a6 5.Bd3 b5 6.O-O Qb6 7.Nf3
Bb7 8.Qe2 Nc6 9.Nc3 Nge7 10.a4 b4 11.a5 Nxa5 12.Na4 Qc7 13.Be3
Nc8 14.Ng5 h6 15.Nxf7 Kxf7 16.f4 h5 17.f5 e5 18.b3 Be7 19.Qf2
Nc6 20.Bc4+ Ke8 21.Nb6 Nxb6 22.Bxb6 Qd6 23.f6 Bxf6 24.Bc5 Qc7
25.Bb6 Qd6 26.Bc5 Qc7 27.Bb6 Qd6 28.Bc5 Qc7 29.Bb6 1/2-1/2

[Event "Master Open"]
[Site "Voronezh"]
[Date "2018.06.18"]
[Round "6.5"]
[White "Gubajdullin, Alexei"]
[Black "Stukopin, Andrey"]
[Result "0-1"]
[WhiteElo "2375"]
[BlackElo "2589"]
[Annotator ""]
[Source ""]
[Remark ""]

1.Nf3 c5 2.b3 d6 3.c4 e5 4.Nc3 f5 5.d3 Nc6 6.g3 Be7 7.Bg2 Nf6
8.Bg5 Ng4 9.Bd2 O-O 10.O-O Qe8 11.Nd5 Bd8 12.e3 Ne7 13.Nxe7+
Bxe7 14.b4 e4 15.Ne1 Bf6 16.Rb1 b6 17.f3 exf3 18.Qxf3 Rb8 19.b5
Bg5 20.Nc2 Bb7 21.Qe2 Bxg2 22.Kxg2 Qh5 23.Kh1 Rbe8 0-1